<?xml version="1.0" encoding="UTF-8"?>
<marc:record xmlns:marc="http://www.loc.gov/MARC21/slim">
   <marc:leader>00000nam a2200000 a 4500</marc:leader>
   <marc:datafield ind1="1" ind2=" " tag="100">
      <marc:subfield code="a">Rollins, James</marc:subfield>
      <marc:subfield code="4">aut</marc:subfield>
      <marc:subfield code="e">Verfasser/-in</marc:subfield>
   </marc:datafield>
   <marc:datafield ind1="0" ind2="0" tag="245">
      <marc:subfield code="a">Sub Terra</marc:subfield>
   </marc:datafield>
   <marc:datafield ind1="0" ind2="0" tag="245">
      <marc:subfield code="c">James Rollins</marc:subfield>
   </marc:datafield>
   <marc:datafield ind1="1" ind2=" " tag="520">
      <marc:subfield code="a">Im ewigen Eis lauert ein tödlicher Schrecken!&lt;br/&gt;&lt;br/&gt;Unter dem ewigen Eis der Antarktis haben Forscher eine Statue aus makellosem Diamant entdeckt. Dr. Ashley Carter dringt mit ihrem Team tiefer in das Höhlensystem vor, um weitere Schätze oder vielleicht sogar Überreste einer vergangenen Zivilisation zu finden. Doch mit Schrecken erkennen Ashley und ihr Partner Ben, dass sie in den Gängen unter dem Eis nicht alleine sind. Etwas lebt hier - und es hat bereits ihre Witterung aufgenommen!</marc:subfield>
   </marc:datafield>
   <marc:datafield ind1=" " ind2=" " tag="041">
      <marc:subfield code="a">ger</marc:subfield>
   </marc:datafield>
   <marc:datafield ind1="1" ind2=" " tag="521">
      <marc:subfield code="a">0</marc:subfield>
   </marc:datafield>
</marc:record>
